Score 0/10 Timer 04:00
0 Plays Today
Votes Person % Correct
266Al Gore
94%
206Mitt Romney
56.1%
251John Kerry
55%
288Thomas E. Dewey
47.4%
493William Jennings Bryan
39%
227Hillary Clinton
34.2%
191Henry Clay
33.9%
191Hubert H. Humphrey
28.7%
184Samuel J. Tilden
23.5%
254Charles Evans Hughes
11.5%
Remove Ads.
Support Sporcle.
Get the best of Sporcle when you Go Orange. This ad-free experience offers more features, more stats, and more fun while also helping to support Sporcle. Thank you for becoming a member.

You're not logged in!

Compare scores with friends on all Sporcle quizzes.
OR
Log In

Show Comments

Extras

Top Quizzes Today


Score Distribution

Your Account Isn't Verified!

In order to create a playlist on Sporcle, you need to verify the email address you used during registration. Go to your Sporcle Settings to finish the process.

Report this User

Report this user for behavior that violates our Community Guidelines.

Details: